Mesto Rožňava chce predať majetok

Bibliographic Details
Main Author: Buzinkay, Jakub (Author)
Format: Article
Language:Slovak
PhysicalDescription:Fotogr.
ISSN:1335-7581
Subjects:
Online Access:http://korzar.sme.sk/c/6028785/roznava-chce-predat-prebytocny-majetok.html

MARC

LEADER 00000nab a2200000 a 4500
001 vtls010306625
003 SK-MaSNL
005 20260303192926.0
008 110826c20110825xo dr| 0 0slo
038 |a RVGKPD 
040 |a RVGKPD  |b slo  |c RVGKPD  |e AACR2 
041 |a slo 
044 |a xo  |c SK 
080 |a 352.9:35.073.512  |2 1997 
100 1 |a Buzinkay, Jakub  |4 aut  |9 1086108 
245 1 0 |a Mesto Rožňava chce predať majetok  |c Jakub Buzinkay 
300 |b Fotogr. 
610 1 7 |a Rožňava (Slovensko).  |b Mestský úrad  |2 rvgkpd  |9 161105 
650 0 7 |a nehnuteľnosti  |2 rvgkpd  |9 3653 
650 0 7 |a predaj nehnuteľností  |2 rvgkpd  |9 412519 
651 7 |a Rožňava (Slovensko)  |2 rvgkpd  |9 17394 
773 0 |t Gemerský korzár  |g Roč. XIII, č. 198 (25.8.2011), s. 1, 2  |x 1335-7581 
852 |a RVGKPD  |b KIS3G 
856 4 1 |u http://korzar.sme.sk/c/6028785/roznava-chce-predat-prebytocny-majetok.html 
992 |a RBX 
999 |c 2149474  |d 2151404